000 00647nam a2200241Ia 4500
003 OSt
005 20220918175045.0
006 a|||||r|||| 00| 0
007 ta
008 220917b |||||||| |||| 00| 0 eng d
024 _a15,457
037 _cTextual
040 _aARTS
_cARTS
_beng
041 _2eng
_aeng
082 _aO:gN, N6
100 _aThody Philip
_911983
245 0 _aTwentieth century literature
_b Critical issues and themse
260 _aHampshire
_bMacmillan
_c1996
300 _axi,381p.
_ccm.
650 _aENGLISH LITERATURE
942 _hO:gN, N6
_cTEXL
_2CC
999 _c155855
_d155855